| 000 | 00578nam a2200181Ia 4500 | ||
|---|---|---|---|
| 003 | GCL | ||
| 008 | 140319s9999 xx 000 0 ara d | ||
| 040 |
_aGCL / _cGCL |
||
| 082 | 0 | 4 |
_aط _b239 _bم م |
| 100 | 1 | _aمحمد احمد برانق | |
| 245 | 1 | 0 |
_aغزوة خيبر / _cمحمد احمد برانق |
| 260 |
_a[S.N] : _bدار المعارف ، _c1991 |
||
| 490 |
_aمجموعة سيرة الرسول صلى الله عليه وسلم _v0 |
||
| 650 | 0 | 4 | _aالسيرة النبوية |
| 650 | 0 | 4 | _aالاطفال |
| 650 | 0 | 4 | _aهجرة الرسول |
| 942 |
_2ddc _cBK |
||
| 999 |
_c57843 _d57843 |
||